The Paris of Different Places - Statistics

General Stats
  • This quiz has been taken 16 times
  • The average score is 4 of 10
Answer Stats
Region Paris % Correct
Middle East Beirut
87%
South America Buenos Aires
87%
Western Europe Paris
60%
North America Montreal
47%
West Africa Abidjan
40%
Eastern Europe Prague
27%
The East Shanghai
27%
Africa in General Luanda
7%
Oceania Nouméa
7%
South Asia Pondicherry
0%
No matching quizzes found
Score Distribution
Percent of People with Each Score
Percentile by Number Answered
Your Score History
You have not taken this quiz